000 00487nam a2200181Ia 4500
005 20250508150518.0
008 008 250505s9999 xx 000 0 eng d
037 _aTextual
040 _aFEDL
_beng
_cFEDL
041 _aeng
_2eng
084 _a173.1, RUS
_qFEDL
100 _aRussell Bertrand
245 0 _aMarriage and morals
260 _aLondon, UK
_bGeorge Allen and Unwin Ltd
_c1929
300 _a254p
942 _cTEXL
_h173.1, RUS
999 _c1323988
_d1323988